000 00425nam a22001457a 4500
008 220706b |||||||| |||| 00| 0 eng d
020 _a0834211810
050 _aRA410.53
_b.E27 1998
100 _aEastaugh, Steven R.
245 _aHealth Care Finance:
_bCost, Productivity, & Strategic Design/
_cSteven R. Eastaugh
260 _aMaryland
_bAspen
_c1998
300 _axiii, 257p.
650 _aMedical care
942 _2lcc
_cBK
999 _c19369
_d19368